000 00606nam a2200229 i 4500
001 C2-0216311
003 PPAK
005 20180728104958.0
008 990518s1983 my |||| ||||| | may d
040 _aPPAK
_beng
_cPPAK
_erda
082 0 4 _a899.233
_2 23
090 0 0 _a899.233
_bMOH
_dKSA
100 0 _aMohd Yunus b. Lahadi,
_eauthor
245 1 0 _aRuntuhan
264 1 _aKuala Lumpur :
_bSyarikat Printsystem Sdn. Bhd ,
_c1983
300 _a140 pages
336 _2rdacontent
_atext
337 _2rdamedia
_aunmediated
338 _2rdacarrier
_avolume
650 1 0 _aMalay Fiction
942 _ddc
_cB
999 _c159966
_d159966